Normal view
MARC view
- Ahsan Iqbal Shah
Entry Personal Name
001 - CONTROL NUMBER
- control field: 72601
003 - CONTROL NUMBER IDENTIFIER
- control field: NUST
005 - DATE AND TIME OF LATEST TRANSACTION
- control field: 20210628204836.0
008 - FIXED-LENGTH DATA ELEMENTS
- fixed length control field: 210628|| aca||aabn | a|a d
040 ## - CATALOGING SOURCE
- Original cataloging agency: NUST
- Transcribing agency: NUST
100 ## - HEADING--PERSONAL NAME
- Personal name: Ahsan Iqbal Shah
670 ## - SOURCE DATA FOUND
- Source citation: Work cat.: (NUST): Ahsan Iqbal Shah, TH-SOF-0804-FRAMEWORK DEVELOPMENT FOR AN INTEGRATED PERFORMANCE MEASUREMENT SYSTEM, 2011
